000 00680nam a2200241Ia 4500
003 OSt
005 20220925204424.0
006 a|||||r|||| 00| 0
007 ta
008 220923b |||||||| |||| 00| 0 eng d
037 _cGeneral Book
040 _aRTL
_cRTL
_beng
041 _2eng
_aeng
082 _aX:54.574.N9
110 _aGeneva, World Trade Organization
_9268448
245 0 _aTrade policy review
_b Iceland
260 _aGeneva
_bWorld Trade Organization
490 _v2V
650 _aInternational Trade
700 _aGeneva, World Trade Organization
_9268449
942 _hX:54.574.N9
_cGB
_2CC
999 _c549395
_d549395